| 000 | 00718nam a2200217 u 4500 | ||
|---|---|---|---|
| 005 | 20240914063756.0 | ||
| 008 | 140625s2007 r 000 0 eng d | ||
| 020 | _a9789706792372 | ||
| 035 | _aUPN01000198332 | ||
| 049 | _aCG | ||
| 050 | 4 |
_aLC92 M6 _bR5.4 |
|
| 100 | 1 |
_aRockwell, Elsie _929539 |
|
| 245 | 1 | 0 |
_aHacer escuela, hacer estado : _bla educación posrevolucionaria vista desde Tlaxcala / _cElsie Rockwell. |
| 260 |
_aMéxico : _bCIESAS, _bEl Colegio de Michoacán, _c2007. |
||
| 300 |
_a406 p. : _bil., mapas |
||
| 440 | 0 | _aInvestigaciones | |
| 650 | 4 |
_aEducación y Estado _zMéxico _9476 |
|
| 650 | 2 |
_aEducación _zTlaxcala _915380 |
|
| 651 | 4 |
_aTLAXCALA - _xHISTORIA - _ySIGLO XX _923234 |
|
| 905 | _aLibro | ||
| 999 |
_c170433 _d170433 |
||